000 02062nam a2200289 a 4500
001 000048485
003 DO-SdBNP
005 20230111130907.0
007 ta
008 190325s2014 dr a 000 0 spa d
020 _a9789945891713
040 _aDO-SdBNP
_bspa
_cBNPHU
082 4 _bC749i
_222
111 2 _aCongreso Internacional de Investigación Científica
_n(10 mo. :
_d12 -13 de junio 2014
_cSanto Domingo)
_975905
245 1 0 _aX Congreso Internacional de Investigación Científica :
_bprograma y libro de resúmenes : 12 -13 de junio 2014, Biblioteca Pedro Mir, Universidad Autónoma de Santo Domingo(UASD), Santo Domingo, República Dominicana /
_cedición Carlos Ml. Rodríguez Peña, Placido F. Gómez Ramírez, Sixto J. Inchaustegui ; compilador Laura Marcos ; ilustración W. Marcelo Maurer.
246 1 0 _aDécimo Congreso Internacional de Investigación Científica
260 _aSanto Domingo :
_bMinisterio de Educación Superior Ciencia y Tecnología (MESCYT),
_c2014.
300 _a197 p. :
_bil. ;
_c27 cm.
505 0 _aMensaje -- director del programa científico, presidente comité organizador -- 5
_tMensaje -- director de investigación científica -- 7
_tObjetivos: general y específicos -- 11
_tComité organizador -- 12
_tPrograma
_tUbicación de las salas -- 15
_tPrograma inauguración miércoles 11 -- 17
_tPrograma jueves 12 - matutino -- 18
_tPrograma jueves 12 - vespertino -- 24
_tPrograma viernes 13 - matutino -- 36
_tPrograma viernes 13 - vespertino 42
_tExhibición de carteles 12-13 -- 54
_tActividades realizadas durante la semana de la investigación científica -- 57
_tResúmenes
_t¿Cómo usar este libro de resúmenes? -- 59
_t1-99 -- 60
_t100-199 -- 101
_t200-265 -- 141
_tAddendum -- 170
_tDirectorio -- 173
590 _aInventariado, 2019 /LP
700 1 _aRodríguez Peña, Carlos Ml.,
_eed.
_972566
700 1 _aGómez Ramírez, Placido F.,
_eed.
_975906
700 1 _aInchaustegui, Sixto J.,
_eed.
_97053
700 1 _aMarcos, Laura,
_ecomp.
_975907
700 1 _aMaurer, Willy Marcelo,
_eil.
_975908
942 _2ddc
_cLBS1
999 _c47973
_d47973